Fluid mechanics / (Record no. 33319)
[ view plain ]
| 000 -LEADER | |
|---|---|
| fixed length control field | 01174cam a22003614a 4500 |
| 001 - CONTROL NUMBER | |
| control field | 16734759 |
| 003 - CONTROL NUMBER IDENTIFIER | |
| control field | OSt |
| 005 - DATE AND TIME OF LATEST TRANSACTION | |
| control field | 20220228123347.0 |
| 007 - PHYSICAL DESCRIPTION FIXED FIELD--GENERAL INFORMATION | |
| fixed length control field | co |g||||||||| |
| 008 - FIXED-LENGTH DATA ELEMENTS--GENERAL INFORMATION | |
| fixed length control field | 110413s2012 maua b 001 0 eng |
| 010 ## - LIBRARY OF CONGRESS CONTROL NUMBER | |
| LC control number | 2011014138 |
| 020 ## - INTERNATIONAL STANDARD BOOK NUMBER | |
| International Standard Book Number | 9789381269305 |
| 035 ## - SYSTEM CONTROL NUMBER | |
| System control number | (OCoLC)ocn713567396 |
| 038 ## - RECORD CONTENT LICENSOR | |
| Staff Name | khadija |
| 040 ## - CATALOGING SOURCE | |
| Original cataloging agency | DLC |
| Transcribing agency | DLC |
| Modifying agency | YDX |
| -- | YDXCP |
| -- | BWX |
| -- | DLC |
| 042 ## - AUTHENTICATION CODE | |
| Authentication code | pcc |
| 050 00 - LIBRARY OF CONGRESS CALL NUMBER | |
| Classification number | QA901 |
| Item number | .K86 2012 |
| 082 00 - DEWEY DECIMAL CLASSIFICATION NUMBER | |
| Classification number | 620.106 |
| Edition number | 22 |
| Author Mark | KUN |
| 100 1# - MAIN ENTRY--PERSONAL NAME | |
| Personal name | Kundu, Pijush K. |
| 9 (RLIN) | 10019 |
| 245 10 - TITLE STATEMENT | |
| Title | Fluid mechanics / |
| Statement of responsibility, etc. | Pijush K. Kundu, Ira M. Cohen, David R. Dowling. |
| 250 ## - EDITION STATEMENT | |
| Edition statement | 5th ed. |
| 260 ## - PUBLICATION, DISTRIBUTION, ETC. | |
| Place of publication, distribution, etc. | Waltham, MA : |
| Name of publisher, distributor, etc. | Academic Press, |
| Date of publication, distribution, etc. | c2012. |
| 300 ## - PHYSICAL DESCRIPTION | |
| Extent | xxvi, 891 p. : |
| Other physical details | ill. ; |
| Dimensions | 25 cm. + |
| Accompanying material | 1 DVD (4 3/4 in.) |
| 504 ## - BIBLIOGRAPHY, ETC. NOTE | |
| Bibliography, etc. note | Includes bibliographical references and index. |
| 538 ## - SYSTEM DETAILS NOTE | |
| System details note | System requirements: IBMcompatible PC or Mac OSX |
| 563 ## - BINDING INFORMATION | |
| Binding note | PB |
| 650 #0 - SUBJECT ADDED ENTRY--TOPICAL TERM | |
| Topical term or geographic name entry element | Fluid mechanics. |
| 9 (RLIN) | 89792 |
| 700 1# - ADDED ENTRY--PERSONAL NAME | |
| Personal name | Cohen, Ira M. |
| 9 (RLIN) | 89793 |
| 700 1# - ADDED ENTRY--PERSONAL NAME | |
| Personal name | Dowling, David R. |
| 9 (RLIN) | 89794 |
| 906 ## - LOCAL DATA ELEMENT F, LDF (RLIN) | |
| a | 7 |
| b | cbc |
| c | orignew |
| d | 1 |
| e | ecip |
| f | 20 |
| g | y-gencatlg |
| 942 ## - ADDED ENTRY ELEMENTS (KOHA) | |
| Source of classification or shelving scheme | |
| Koha item type | Book |
| Withdrawn status | Lost status | Source of classification or shelving scheme | Damaged status | Not for loan | Permanent Location | Current Location | Shelving location | Date acquired | Total Checkouts | Full call number | Barcode | Date last seen | Date last checked out | Price effective from | Koha item type | Public note |
|---|---|---|---|---|---|---|---|---|---|---|---|---|---|---|---|---|
| School of Mechanical & Manufacturing Engineering (SMME) | School of Mechanical & Manufacturing Engineering (SMME) | General Stacks | 02/15/2016 | 1 | 620.106 KUN | SMME-2409 | 02/22/2022 | 12/28/2021 | 02/15/2016 | Book | Rack,43-Shelf,3 |
